000 00259nam a2200097Ia 4500
001 1251155
005 20251031150910.0
008 251031s9999 xx 000 0 und d
245 0 _cTUĞBA ÇOŞKUNER
_aI-4 YETERİNCE TEMBEL MİSİN?
260 _bCEZVE YAYINLARI
999 _c1251155
_d1251155